| 000 | 00760nam a22002657a 4500 | ||
|---|---|---|---|
| 001 | 4478 | ||
| 003 | FISKH | ||
| 005 | 20240911161403.0 | ||
| 008 | 240911b cb ||||| |||| 00| 0 eng d | ||
| 020 | _a078073458196 | ||
| 040 |
_aFISKH _beng _cFISKH _dFISKH |
||
| 082 | _a372 | ||
| 100 |
_aFleming, Maria _eauthor |
||
| 245 |
_aTillie's Tuba / _cby Maria Fleming : illustrated by Doug Jones |
||
| 260 |
_aNew York : _bScholastic ; _c2004 . |
||
| 300 |
_a16 pages : _bcolor illustrations ; _c26 cm . |
||
| 490 | _aGrammar Tales (Adverbs) | ||
| 505 | _aH | ||
| 521 | 8 |
_a430
_bLexile estimate |
|
| 521 | 8 |
_aH
_bRaz-Plus |
|
| 650 |
_aadverbs _vnon-fiction |
||
| 700 |
_aJones, Doug _eillustrator |
||
| 942 |
_2ddc _cBK _n0 |
||
| 999 |
_c4478 _d4478 |
||